000 00463nam a22001697a 4500
999 _c7783
_d7781
005 20210904135144.0
008 210325b ||||| |||| 00| 0 eng d
020 _a978-1901-362534
041 _aeng
082 _a345.408 23
100 _aMcEWAN, JENNY
_96509
245 _aTHE VERDICT OF THE COURT: PASSING JUDGMENT IN LAW AND PSCHOLOGY
260 _bHART PUBLISHING OXFORD AND PORTLAND ,OREGON
_c2003
300 _a225,p
650 _aLAW
_95701
942 _cBK